Catálogo público

Normal view MARC view

Entry Término temático

Number of records used in: 5

001 - NÚMERO DE CONTROL

  • campo de control: 188162

003 - IDENTIFICADOR DEL NÚMERO DE CONTROL

  • campo de control: CHAP

005 - FECHA Y HORA DE LA ÚLTIMA TRANSACCIÓN

  • campo de control: 20231019093115.0

008 - DATOS DE LONGITUD FIJA

  • campo de control de longitud fija: 231018|| acd||babn | a|a d

040 ## - FUENTE DE LA CATALOGACIÓN

  • Centro catalogador/agencia de origen: Z
  • Centro/agencia transcriptor: CHAP

150 1# - ENCABEZAMIENTO--TÉRMINO DE MATERIA

  • Término de materia o nombre geográfico como elemento de entrada: Nutrición del ganado

670 ## - FUENTE DE DATOS ENCONTRADOS

  • Cita de la fuente: Redefiniendo la nutrición mineral. Editado por J. A. Taylor-Pickard y L. A. Trucker, 2018